| 000 | 00410nam a2200169Ia 4500 | ||
|---|---|---|---|
| 001 | 58493 | ||
| 008 | 140507s9999 xx 000 0 und d | ||
| 020 | _aNA | ||
| 040 | _cPK-LaUMT | ||
| 082 |
_a 712 _bTHR- |
||
| 245 |
_a3D home architect landscape design delux 6 _buser's guide |
||
| 260 |
_aUSA: _bBroderbund, _c2004 |
||
| 300 | _a294 p. | ||
| 546 | _aEN | ||
| 650 | _aLandscape architecture | ||
| 942 | _cBK | ||
| 999 |
_c55757 _d55757 |
||